[Event "FIN-chT1B 1819"]
[Site "Finland"]
[Date "2018.11.10"]
[Round "2.6"]
[White "Rajakari, Janne"]
[Black "Eloranta, Kari"]
[Result "1-0"]
[WhiteElo "1971"]
[BlackElo "1977"]
[PlyCount "73"]
[EventDate "2018.09.15"]
[EventType "team-tourn"]
[EventRounds "7"]
[EventCountry "FIN"]
[SourceTitle "EXT 2020"]
[Source "ChessBase"]
[SourceDate "2019.10.17"]
[SourceVersion "1"]
[SourceVersionDate "2019.10.17"]
[SourceQuality "1"]
[WhiteTeam "Vantaa EtVaS II"]
[BlackTeam "Kuopio KSY"]
[WhiteTeamCountry "FIN"]
[BlackTeamCountry "FIN"]

1. e4 e5 2. d4 exd4 3. Qxd4 Nc6 4. Qe3 Nf6 5. Nc3 Bb4 6. Bd2 0-0 7. 0-0-0 d6 8. Bc4 Ne5 9. Bb3 Be6 10. Bxe6 fxe6 11. Qe2 Qe8 12. f4 Nc6 13. Nf3 Qh5 14. g3 Rae8 15. Kb1 a6 16. Qd3 b5 17. h3 Bc5 18. g4 Qf7 19. Ng5 Qe7 20. Rde1 h6 21. Nf3 Nd7 22. g5 hxg5 23. Nxg5 Nb4 24. Qg3 Nf6 25. h4 Nh5 26. Qg4 Nf6 27. Qe2 Nc6 28. h5 Nd8 29. h6 g6 30. Qg2 Kh8 31. f5 gxf5 32. exf5 e5 33. Qh3 d5 34. Rhf1 e4 35. Ne2 d4 36. Nf4 e3 37. Ng6+ 1-0

[Event "Kuopio op-B 40th"]
[Site "Kuopio"]
[Date "2018.04.29"]
[Round "4"]
[White "Eloranta, Kari"]
[Black "Nikula, Mikko"]
[Result "1/2-1/2"]
[WhiteElo "1981"]
[BlackElo "1941"]
[PlyCount "77"]
[EventDate "2018.04.28"]
[EventType "swiss"]
[EventRounds "4"]
[EventCountry "FIN"]
[SourceTitle "EXT 2022"]
[Source "ChessBase"]
[SourceDate "2021.10.06"]
[SourceVersion "1"]
[SourceVersionDate "2021.10.06"]
[SourceQuality "1"]

1. e4 e5 2. Nc3 Nf6 3. Bc4 Nxe4 4. Qh5 Nd6 5. Bb3 Be7 6. Nf3 Nc6 7. Nxe5 Nxe5 8. Qxe5 0-0 9. 0-0 Bf6 10. Qf4 Ne8 11. d4 c6 12. d5 d6 13. dxc6 bxc6 14. Ne4 Be5 15. Qd2 d5 16. f4 Bc7 17. Ng3 Nf6 18. Ba4 Qd6 19. c3 Re8 20. Bc2 Ba6 21. Bd3 Bxd3 22. Qxd3 Qc5+ 23. Kh1 Ne4 24. Nxe4 Rxe4 25. Bd2 Rae8 26. b4 Qc4 27. Qxc4 Rxc4 28. Rae1 Rce4 29. g3 Re2 30. Rxe2 Rxe2 31. Re1 Re4 32. Rxe4 dxe4 33. Be3 a6 34. Bc5 f5 35. Kg1 Kf7 36. a3 Ke6 37. c4 Bd6 38. Bd4 g6 39. Kf2 1/2-1/2

[Event "Kuopio We KSY"]
[Site "Kuopio"]
[Date "2017.04.29"]
[Round "3"]
[White "Eloranta, Kari"]
[Black "Salmelin, Aaro"]
[Result "0-1"]
[WhiteElo "1999"]
[BlackElo "1939"]
[PlyCount "98"]
[EventDate "2017.04.29"]
[EventType "swiss"]
[EventRounds "5"]
[EventCountry "FIN"]
[SourceTitle "EXT 2022"]
[Source "ChessBase"]
[SourceDate "2021.10.06"]
[SourceVersion "1"]
[SourceVersionDate "2021.10.06"]
[SourceQuality "1"]

1. e4 e5 2. Nc3 Nc6 3. Bc4 Bc5 4. Qg4 g6 5. Qg3 d6 6. Nge2 Be6 7. Bxe6 fxe6 8. a3 Nf6 9. d3 Qe7 10. Na4 Nd4 11. Nxd4 Bxd4 12. c3 Bb6 13. Nxb6 axb6 14. Bg5 Kd7 15. Qh4 Raf8 16. 0-0-0 h6 17. Bxf6 Qxf6 18. Qxf6 Rxf6 19. f3 g5 20. h3 c5 21. d4 exd4 22. cxd4 c4 23. d5 e5 24. Kd2 b5 25. Rc1 Ra8 26. Ke3 Kc7 27. h4 g4 28. fxg4 Rg6 29. g5 hxg5 30. h5 Rf6 31. Rcf1 Rxf1 32. Rxf1 g4 33. Rf7+ Kb6 34. Kf2 Rh8 35. Kg3 Rxh5 36. Kxg4 Rh2 37. Rf2 Kc5 38. Kf3 Kd4 39. Rd2+ Kc5 40. Kg3 Rh8 41. Kg4 b4 42. axb4+ Kxb4 43. Kf5 c3 44. bxc3+ Kxc3 45. Ra2 b5 46. Ke6 Rh6+ 47. Kd7 b4 48. g4 Rg6 49. Rg2 b3 0-1

[Event "FIN-chT2 Gp4 1617"]
[Site "Finland"]
[Date "2016.10.08"]
[Round "2.2"]
[White "Eloranta, Kari"]
[Black "Sokolov, Joni"]
[Result "0-1"]
[WhiteElo "2002"]
[BlackElo "2042"]
[PlyCount "76"]
[EventDate "2016.09.17"]
[EventType "team-tourn"]
[EventRounds "7"]
[EventCountry "FIN"]
[SourceTitle "EXT 2019"]
[Source "ChessBase"]
[SourceDate "2018.10.10"]
[SourceVersion "1"]
[SourceVersionDate "2018.10.10"]
[SourceQuality "1"]
[WhiteTeam "Kuopio KSY"]
[BlackTeam "Kokkola SK"]
[WhiteTeamCountry "FIN"]
[BlackTeamCountry "FIN"]

1. e4 e6 2. d4 d5 3. Nc3 Bb4 4. e5 c5 5. a3 Bxc3+ 6. bxc3 Qa5 7. Bd2 Qa4 8. Qb1 c4 9. f4 Nc6 10. Nf3 Nge7 11. Be2 Bd7 12. 0-0 0-0-0 13. Qb2 Be8 14. Rfb1 Rd7 15. Ne1 Rc7 16. g4 f6 17. Ng2 Bg6 18. Ne3 Be4 19. Qb5 Qxb5 20. Rxb5 f5 21. h3 h6 22. Rf1 g5 23. Bd1 gxf4 24. Rxf4 Ng6 25. Rf1 Rg7 26. Kh2 Nce7 27. gxf5 exf5 28. Rg1 Rhg8 29. Be2 f4 30. Ng4 f3 31. Bf1 Nh4 32. Bxh6 Rg6 33. Be3 f2 34. Bxf2 Nf3+ 35. Kg3 Rf8 36. Rc5+ Kb8 37. Be3 Nxg1 38. Bxg1 Rxf1 0-1

[Event "FIN-chT2 Gp4 1617"]
[Site "Finland"]
[Date "2016.10.07"]
[Round "1.4"]
[White "Eloranta, Kari"]
[Black "Perho, Aki"]
[Result "1-0"]
[WhiteElo "2002"]
[BlackElo "1863"]
[PlyCount "83"]
[EventDate "2016.09.17"]
[EventType "team-tourn"]
[EventRounds "7"]
[EventCountry "FIN"]
[SourceTitle "EXT 2019"]
[Source "ChessBase"]
[SourceDate "2018.10.10"]
[SourceVersion "1"]
[SourceVersionDate "2018.10.10"]
[SourceQuality "1"]
[WhiteTeam "Kuopio KSY"]
[BlackTeam "Pori PSY"]
[WhiteTeamCountry "FIN"]
[BlackTeamCountry "FIN"]

1. e4 e5 2. Nc3 Nf6 3. Bc4 Nc6 4. d3 Bb4 5. Nge2 d5 6. exd5 Nxd5 7. 0-0 Nxc3 8. Nxc3 0-0 9. a3 Bxc3 10. bxc3 Kh8 11. f4 f6 12. a4 Na5 13. Ba2 Qd6 14. fxe5 Qxe5 15. d4 Qd6 16. Bf4 Qd8 17. Qh5 b6 18. Rf3 g6 19. Qd5 Bb7 20. Qxd8 Raxd8 21. Re3 Rfe8 22. Rae1 Bc6 23. Bb3 Rxe3 24. Rxe3 Nxb3 25. cxb3 Re8 26. Rxe8+ Bxe8 27. Bxc7 b5 28. axb5 Bxb5 29. c4 Bd7 30. d5 Bf5 31. Kf2 Kg7 32. Ke3 Kf7 33. Kd4 Ke7 34. b4 Kd7 35. Bb8 a6 36. c5 Bg4 37. c6+ Kc8 38. Bg3 Be2 39. d6 Bf1 40. d7+ Kd8 41. Kc5 Bxg2 42. Kd6 1-0

[Event "Heart of Finland op 26th"]
[Site "Jyvaskyla"]
[Date "2016.07.20"]
[Round "4.16"]
[White "Eloranta, Kari"]
[Black "Virtanen, Teemu"]
[Result "0-1"]
[WhiteElo "2020"]
[BlackElo "2162"]
[PlyCount "54"]
[EventDate "2016.07.18"]
[EventType "swiss"]
[EventRounds "9"]
[EventCountry "FIN"]
[SourceTitle "EXT 2022"]
[Source "ChessBase"]
[SourceDate "2021.10.06"]
[SourceVersion "1"]
[SourceVersionDate "2021.10.06"]
[SourceQuality "1"]

1. e4 d6 2. d4 Nf6 3. Nc3 Nbd7 4. g3 e5 5. Nge2 c6 6. a4 b6 7. Bg2 Bb7 8. h3 a6 9. g4 Be7 10. Ng3 g6 11. Bh6 exd4 12. Qxd4 Nc5 13. 0-0 Qc7 14. Rfe1 0-0-0 15. Qd2 a5 16. f4 Rhe8 17. Rad1 Ng8 18. f5 Bh4 19. Kh2 Nxh6 20. Qxh6 g5 21. Re3 d5 22. Nce2 Nxe4 23. Bxe4 dxe4 24. Rxd8+ Rxd8 25. Kg2 Kb8 26. Nxe4 c5 27. N2c3 Rd2+ 0-1

[Event "FIN-chT2 Gp3 1516"]
[Site "Finland"]
[Date "2015.10.10"]
[Round "3.3"]
[White "Turunen, Tuomo"]
[Black "Eloranta, Kari"]
[Result "1/2-1/2"]
[WhiteElo "1924"]
[BlackElo "2015"]
[PlyCount "69"]
[EventDate "2015.09.12"]
[EventType "team-tourn"]
[EventRounds "6"]
[EventCountry "FIN"]
[SourceTitle "EXT 2017"]
[Source "ChessBase"]
[SourceDate "2016.10.25"]
[SourceVersion "1"]
[SourceVersionDate "2016.10.25"]
[SourceQuality "1"]
[WhiteTeam "Joensuu SK II"]
[BlackTeam "Jyvaskyla JyS II"]
[WhiteTeamCountry "FIN"]
[BlackTeamCountry "FIN"]

1. d4 Nf6 2. c4 e6 3. Nc3 Bb4 4. a3 Bxc3+ 5. bxc3 c5 6. f3 Nc6 7. e4 0-0 8. Be3 Qa5 9. Qd2 d6 10. Bd3 b6 11. Ne2 Ba6 12. a4 Rac8 13. 0-0 cxd4 14. cxd4 Nb4 15. Rfc1 d5 16. e5 Nd7 17. Bb1 Rxc4 18. Rxc4 Bxc4 19. Nc1 Nc6 20. Qxa5 Nxa5 21. Ba2 Rc8 22. Bd2 Bxa2 23. Rxa2 Rc4 24. Ne2 Nc6 25. Bc3 Ndb8 26. Kf2 Na6 27. Ke3 Kf8 28. Kd2 Ke7 29. Ra3 Kd7 30. Kd3 Nab4+ 31. Kd2 Ke7 32. f4 a5 33. g4 f6 34. h4 Kf7 35. Ra1 1/2-1/2

[Event "Heart of Finland op 24th"]
[Site "Jyvaskyla"]
[Date "2014.07.12"]
[Round "8"]
[White "Simkin, Alexander"]
[Black "Eloranta, Kari"]
[Result "1-0"]
[WhiteElo "1869"]
[BlackElo "2043"]
[PlyCount "65"]
[EventDate "2014.07.07"]
[EventType "swiss"]
[EventRounds "9"]
[EventCountry "FIN"]
[SourceTitle "EXT 2019"]
[Source "ChessBase"]
[SourceDate "2018.10.10"]
[SourceVersion "1"]
[SourceVersionDate "2018.10.10"]
[SourceQuality "1"]

1. e4 c5 2. Nf3 Nc6 3. d4 cxd4 4. Nxd4 e6 5. Be2 Nf6 6. Nc3 Bb4 7. f3 d5 8. Nxc6 bxc6 9. exd5 cxd5 10. Bd2 0-0 11. 0-0 Bb7 12. Kh1 e5 13. a3 Be7 14. Bg5 d4 15. Bxf6 Bxf6 16. Ne4 Be7 17. Bd3 f5 18. Nd2 g6 19. Nc4 e4 20. fxe4 fxe4 21. Rxf8+ Bxf8 22. Be2 Bg7 23. Qe1 Qe7 24. Qg3 Rf8 25. Nd6 Be5 26. Qb3+ Kg7 27. Nxb7 Rb8 28. Ba6 Qh4 29. Qh3 Qf6 30. Qd7+ Kh6 31. Qh3+ Kg7 32. Nc5 Qc6 33. Qd7+ 1-0

[Event "Heart of Finland op 24th"]
[Site "Jyvaskyla"]
[Date "2014.07.07"]
[Round "1"]
[White "Demidov, Jan"]
[Black "Eloranta, Kari"]
[Result "1-0"]
[WhiteElo "1921"]
[BlackElo "2043"]
[PlyCount "93"]
[EventDate "2014.07.07"]
[EventType "swiss"]
[EventRounds "9"]
[EventCountry "FIN"]
[SourceTitle "EXT 2019"]
[Source "ChessBase"]
[SourceDate "2018.10.10"]
[SourceVersion "1"]
[SourceVersionDate "2018.10.10"]
[SourceQuality "1"]

1. e4 c5 2. Nf3 Nc6 3. c3 d5 4. e5 Bg4 5. Bb5 Qc7 6. Bxc6+ Qxc6 7. d3 e6 8. 0-0 Ne7 9. h3 Bh5 10. Re1 Qd7 11. Qe2 Nc6 12. Bf4 Be7 13. Nbd2 h6 14. g4 Bg6 15. Nf1 b5 16. Ng3 c4 17. d4 a5 18. a3 Rb8 19. h4 b4 20. axb4 axb4 21. h5 Bd3 22. Qe3 Qb7 23. g5 bxc3 24. bxc3 hxg5 25. Bxg5 Rg8 26. Bxe7 Qxe7 27. Ra6 Kd7 28. Rea1 Rb7 29. Kg2 Rgb8 30. h6 gxh6 31. Nh5 Qf8 32. Nf6+ Kc7 33. Qf4 Rb1 34. Kh2 Rxa1 35. Rxa1 Rb2 36. Ne1 Bg6 37. Ng2 Rb3 38. Qd2 Bf5 39. Ne3 Bd3 40. Rg1 Qa3 41. Nexd5+ exd5 42. Nxd5+ Kb7 43. Qf4 Nd8 44. e6 Nxe6 45. Qxf7+ Kc6 46. Nb4+ Kd6 47. Re1 1-0

[Event "Mikkeli We MikkSK MikkSK 70"]
[Site "Mikkeli"]
[Date "2014.??.??"]
[Round "4"]
[White "Eloranta, Kari"]
[Black "Lehtosaari, Mauri"]
[Result "1/2-1/2"]
[WhiteElo "2043"]
[BlackElo "2109"]
[PlyCount "80"]
[EventDate "2014.??.??"]
[EventType "swiss"]
[EventRounds "5"]
[EventCountry "FIN"]
[SourceTitle "EXT 2022"]
[Source "ChessBase"]
[SourceDate "2021.10.06"]
[SourceVersion "1"]
[SourceVersionDate "2021.10.06"]
[SourceQuality "1"]

1. e4 c5 2. Nf3 e6 3. d4 cxd4 4. Nxd4 Qb6 5. Nc3 Bc5 6. Na4 Qa5+ 7. c3 Bxd4 8. Qxd4 Nf6 9. Nc5 Nc6 10. Qd6 Qd8 11. f3 Qe7 12. Bf4 e5 13. Qxe7+ Kxe7 14. Bg5 h6 15. Bh4 d6 16. Nb3 Be6 17. Be2 g5 18. Bf2 Nd7 19. 0-0-0 b6 20. Kb1 Nc5 21. Nd2 f5 22. b4 Nd7 23. Nc4 Bxc4 24. Bxc4 fxe4 25. Bd5 Rac8 26. Bxe4 Nf6 27. Bf5 Rcd8 28. Rhe1 Rhf8 29. Kc2 Ne8 30. Be4 Rc8 31. Kb3 Ng7 32. a4 Ne6 33. a5 bxa5 34. b5 Nb8 35. Bxa7 Nd7 36. c4 Ndc5+ 37. Kc3 Na4+ 38. Kb3 Nac5+ 39. Kc3 Na4+ 40. Kb3 Nac5+ 1/2-1/2

[Event "Heart of Finland op 23rd"]
[Site "Jyvaskyla"]
[Date "2013.07.13"]
[Round "8"]
[White "Lindberg, Henrik"]
[Black "Eloranta, Kari"]
[Result "1-0"]
[WhiteElo "2268"]
[BlackElo "2070"]
[PlyCount "61"]
[EventDate "2013.07.08"]
[EventType "swiss"]
[EventRounds "9"]
[EventCountry "FIN"]
[SourceTitle "EXT 2022"]
[Source "ChessBase"]
[SourceDate "2021.10.06"]
[SourceVersion "1"]
[SourceVersionDate "2021.10.06"]
[SourceQuality "1"]

1. e4 c5 2. Nf3 Nc6 3. d4 cxd4 4. Nxd4 Nf6 5. Nc3 e5 6. Ndb5 d6 7. Bg5 a6 8. Na3 b5 9. Nd5 Be7 10. Bxf6 Bxf6 11. c3 0-0 12. Nc2 Rb8 13. Bd3 Be6 14. 0-0 Bg5 15. Nce3 Bxe3 16. Nxe3 Ne7 17. Qe2 Qb6 18. a4 bxa4 19. Rxa4 Qxb2 20. Qxb2 Rxb2 21. Rxa6 Rd2 22. Bc4 Rc8 23. Bxe6 fxe6 24. Rc1 Rc7 25. Kf1 Kf7 26. Ke1 Rd3 27. Ke2 Rdxc3 28. Rxc3 Rxc3 29. Rxd6 Rc7 30. Ng4 Nc6 31. Rxc6 1-0

[Event "Jyvaskyla We JyS A"]
[Site "Jyvaskyla"]
[Date "2013.01.25"]
[Round "1"]
[White "Eloranta, Kari"]
[Black "Nivala, Tuomas"]
[Result "1-0"]
[WhiteElo "2041"]
[BlackElo "2198"]
[PlyCount "111"]
[EventDate "2013.01.25"]
[EventType "swiss"]
[EventRounds "5"]
[EventCountry "FIN"]
[SourceTitle "EXT 2022"]
[Source "ChessBase"]
[SourceDate "2021.10.06"]
[SourceVersion "1"]
[SourceVersionDate "2021.10.06"]
[SourceQuality "1"]

1. e4 g6 2. d4 Bg7 3. Nc3 d6 4. Be3 a6 5. Qd2 Nd7 6. h4 Ngf6 7. Nh3 Ng4 8. Bf4 e5 9. dxe5 Ndxe5 10. f3 Qxh4+ 11. Kd1 h6 12. fxg4 Nxg4 13. Nd5 Qd8 14. c3 g5 15. Bg3 Be6 16. Bd3 f5 17. c4 f4 18. Bf2 Qd7 19. Be2 0-0 20. Bd4 Ne5 21. Ng1 Rad8 22. Nf3 c6 23. Nb6 Qc7 24. Bf2 Qf7 25. Rc1 d5 26. exd5 cxd5 27. c5 Nc4 28. Qb4 Nxb2+ 29. Ke1 g4 30. Nd4 f3 31. gxf3 gxf3 32. Bf1 Nc4 33. Rg1 Rfe8 34. Kd1 Kh8 35. Bd3 Qf4 36. Nxe6 Rxe6 37. Kc2 Qf6 38. Rg6 Qf7 39. Rcg1 Rxg6 40. Bxg6 Qe6 41. Bd3 Ne5 42. Bf1 Qf5+ 43. Kd2 Nc4+ 44. Kc1 Qf4+ 45. Kc2 a5 46. Qe1 Na3+ 47. Kb3 Nc4 48. Rxg7 Qf6 49. Rxb7 Qb2+ 50. Ka4 Qxa2+ 51. Kb5 Qb2+ 52. Ka6 Ne5 53. Bh4 Rf8 54. Qg3 Nc6 55. Qc7 Nb4+ 56. Ka7 1-0

[Event "Jyvaskyla We JyS A"]
[Site "Jyvaskyla"]
[Date "2012.01.27"]
[Round "1"]
[White "Eloranta, Kari"]
[Black "Jarvenpaa, Jari"]
[Result "1-0"]
[WhiteElo "2048"]
[BlackElo "2278"]
[PlyCount "99"]
[EventDate "2012.01.27"]
[EventType "swiss"]
[EventRounds "5"]
[EventCountry "FIN"]
[SourceTitle "EXT 2022"]
[Source "ChessBase"]
[SourceDate "2021.10.06"]
[SourceVersion "1"]
[SourceVersionDate "2021.10.06"]
[SourceQuality "1"]

1. e4 c6 2. d4 d5 3. e5 c5 4. dxc5 e6 5. Be3 Qc7 6. Nf3 Bxc5 7. Bxc5 Qxc5 8. c3 Qc7 9. Bd3 Nc6 10. Qe2 Nge7 11. 0-0 Ng6 12. Re1 Nf4 13. Qe3 Nxd3 14. Qxd3 0-0 15. Ng5 g6 16. Nf3 f6 17. Qe3 fxe5 18. Nxe5 Nxe5 19. Qxe5 Qb6 20. Re2 Bd7 21. Qd4 Qa6 22. Re3 Rac8 23. Nd2 Rf5 24. c4 Rcf8 25. Ra3 Qd6 26. Rf3 Rf4 27. Rxf4 Rxf4 28. Qxa7 dxc4 29. Nf1 Bc6 30. Qe3 Re4 31. Qc3 b5 32. a3 Qd5 33. Qg3 Re2 34. Ne3 Qd2 35. Qb8+ Kf7 36. Qc7+ Bd7 37. h4 Qd4 38. Rd1 Rd2 39. Rxd2 Qxd2 40. Qf4+ Ke8 41. Qf6 h5 42. Qxg6+ Kd8 43. Qg5+ Kc7 44. Qe5+ Kb7 45. Qf6 Bc6 46. Kh2 Qd6+ 47. Kg1 Qd2 48. Kh2 Qd6+ 49. Kh3 Bd7 50. g4 1-0

[Event "Heart of Finland op 21st"]
[Site "Jyvaskyla"]
[Date "2011.07.14"]
[Round "6"]
[White "Tiitta, Sauli"]
[Black "Eloranta, Kari"]
[Result "1-0"]
[WhiteElo "2176"]
[BlackElo "2052"]
[PlyCount "67"]
[EventDate "2011.07.11"]
[EventType "swiss"]
[EventRounds "9"]
[EventCountry "FIN"]
[SourceTitle "CBM 143 Extra"]
[Source "ChessBase"]
[SourceDate "2011.08.29"]
[SourceVersion "1"]
[SourceVersionDate "2011.08.29"]
[SourceQuality "1"]

1. c4 c5 2. g4 Nc6 3. Nc3 d6 4. g5 e5 5. d3 Be6 6. Bg2 Nge7 7. Nd5 Nd4 8. h4 Nxd5 9. cxd5 Bg4 10. Bd2 Be7 11. Qc1 Bd7 12. e3 Nf5 13. Qc4 h6 14. 0-0-0 hxg5 15. hxg5 Rxh1 16. Bxh1 Bxg5 17. f4 Bf6 18. Nf3 exf4 19. exf4 Qb6 20. Re1+ Kd8 21. Ne5 dxe5 22. fxe5 Bh4 23. Re4 g5 24. e6 fxe6 25. dxe6 Bb5 26. Qd5+ Nd6 27. a4 Kc7 28. axb5 Qxb5 29. Re5 Rf8 30. Bf3 Qc6 31. Ba5+ Kc8 32. e7 Rxf3 33. Qe6+ Qd7 34. Rxc5+ 1-0